000
00215nam a22000977a 4500
999
_c
15759
_d
15759
003
OSt
008
191015b ||||| |||| 00| 0 eng d
100
_a
Uroob
_9
4296
245
_a
Sundarikalum sundaranmarum
942
_c
BK